Advances in contemplative psychotherapy : accelerating personal and social transformation / edited by Joseph Loizzo, Fiona Brandon, Emily J. Wolf, and Miles Neale. (Record no. 22158)

000 -LEADER
fixed length control field 02097nam a22002297a 4500
020 ## - INTERNATIONAL STANDARD BOOK NUMBER
ISBN 9781032153087
082 ## - DEWEY DECIMAL CLASSIFICATION NUMBER
Classification number 616.89
Item number Ad244 2023
245 ## - TITLE STATEMENT
Title Advances in contemplative psychotherapy : accelerating personal and social transformation / edited by Joseph Loizzo, Fiona Brandon, Emily J. Wolf, and Miles Neale.
250 ## - EDITION STATEMENT
Edition statement Second edition.
260 ## - PUBLICATION, DISTRIBUTION, ETC. (IMPRINT)
Place of publication New York, NY :
Name of publisher Routledge, Taylor & Francis Group,
Year of publication 2023.
300 ## - PHYSICAL DESCRIPTION
Number of Pages 1 online resource, xlii, 466 pages :
Other physical details illustrations.
500 ## - GENERAL NOTE
General note Includes index and bibliographical references.
520 ## - SUMMARY, ETC.
Summary, etc Advances in Contemplative Psychotherapy offers mental health professionals of all disciplines and orientations the most comprehensive and rigorous introduction to the art of integrating contemplative psychology, ethics, and practices, including mindfulness, compassion, and embodiment techniques. It brings together clinicians, scholars, and thought leaders of unprecedented caliber, featuring some of the most eminent pioneers in the rapidly growing field of contemplative psychotherapy.

The new edition offers an expanded array of effective contemplative interventions, contemplative psychotherapies, and contemplative approaches to clinical practice. New chapters discuss how contemplative work can effect positive psychosocial change at the personal, interpersonal, and collective levels to address racial, gender, and other forms of systemic oppression. The new edition also explores the cross-cultural nuances in the integration of Buddhist psychology and healing practices by Western researchers and clinicians and includes the voices of leading Tibetan doctors.

Advances in Contemplative Psychotherapy offers a profound and synoptic overview of one of psychotherapy’s most intriguing and promising fields.
650 ## - SUBJECT ADDED ENTRY--TOPICAL TERM
Topical Term Psychotherapy - Congresses.
650 ## - SUBJECT ADDED ENTRY--TOPICAL TERM
Topical Term Contemplation - Congresses.
650 ## - SUBJECT ADDED ENTRY--TOPICAL TERM
Topical Term Social transformation - Congresses.
700 ## - ADDED ENTRY--PERSONAL NAME
Personal name Joseph Loizzo, editor.
700 ## - ADDED ENTRY--PERSONAL NAME
Personal name Fiona Brandon, editor.
700 ## - ADDED ENTRY--PERSONAL NAME
Personal name Emily J. Wolf, editor.
700 ## - ADDED ENTRY--PERSONAL NAME
Personal name Miles Neale, editor.
942 ## - ADDED ENTRY ELEMENTS (KOHA)
Koha item type Electronic Books
Holdings
Source of acquisition Permanent Location Date acquired Collection code Koha item type Lost status Shelving location Withdrawn status Current Location Full call number
DonationCagayan State University - Carig Library2026-04-14E-BooksElectronic Books E-Resource Section Cagayan State University - Carig Library616.89 Ad244 2023

Cagayan State University University Library, Carig Campus
Tuguegarao City, Cagayan 3500 | www.csucarig.edu.ph

Powered by Koha